000
00338nam a2200133Ia 4500
008
240624s9999 xx 000 0 und d
041
_a
eng
082
_a
300.72 DAW
100
_a
DAWSAN JEREMY
245
_a
ANALYSING QUANTITATIVE SURVEY DATA FOR B
260
_c
2017
_a
New Delhi
_b
sage
300
_a
x, 88 p.; 24 cm.
365
_c
BPS
_b
32
999
_c
29859
_d
29859